000 01444cad a22002175a 4500
001 L145970
008 081127s2008 xxkad f s 000 0 eng d
035 _a(Sirsi) u145970
041 0 _aeng
110 2 _aRoyal Institution of Chartered Surveyors
_bEconomics
_95033
245 0 0 _aRICS global commercial property survey United Kingdom
_bQ3 2008
_h[electronic resource]
260 _aLondon
_bRoyal Institute of Chartered Surveyors
_c2008
490 0 _aRICS Global Commercial Property Survey United Kingdom
_vQ3 2008
520 _aReveals that business demand for property weakened further in Q3 2008 with weaknesses now starting to appear across many emerging markets, with the net balance of global rents turning negative at a global level for the first time in the survey's history. Reports that investment activity continued to decline in most regions in the third quarter; steep declines in activity were reported for the first time in Emerging Europe, Emerging Asia and across all the commercial property market sectors. Expects outright falls in rents in Emerging Asia, for the first time in the survey's history.
590 _aKA
650 2 4 _aRICS GLOBAL COMMERCIAL PROPERTY SURVEY
651 4 _aInternational
690 _aPROPERTY-COMMERCIAL PROPERTY-COMMERCIAL PROPERTY MARKET
856 4 0 _uhttps://www.rics.org/site/download_feed.aspx?fileID=64&fileExtension=PDF
_zView the survey free of charge at www.rics.org
942 _n0
999 _c108992
_d108992